<?xml version="1.0" encoding="UTF-8"?>
<collection xmlns="http://www.loc.gov/MARC21/slim">
  <record>
    <leader>00000nam  2200000   4500</leader>
    <controlfield tag="001">INLIS000000000810001</controlfield>
    <controlfield tag="005">20250925093113</controlfield>
    <datafield tag="035" ind1="#" ind2="#">
      <subfield code="a">0010-0925000126</subfield>
    </datafield>
    <controlfield tag="008">250925###########################0#ind##</controlfield>
    <datafield tag="245" ind1="#" ind2="#">
      <subfield code="a">Peningkatan Dan Pengayaan Matematika 2 /</subfield>
      <subfield code="c">Prof Wahyudin</subfield>
    </datafield>
    <datafield tag="260" ind1="#" ind2="#">
      <subfield code="b">Ipa Abong</subfield>
    </datafield>
    <datafield tag="020" ind1="#" ind2="#">
      <subfield code="a">9789793077192</subfield>
    </datafield>
    <datafield tag="084" ind1="#" ind2="#">
      <subfield code="a">516.2 DIN p</subfield>
    </datafield>
    <datafield tag="520" ind1="#" ind2="#">
      <subfield code="a">MATEMATIKA</subfield>
    </datafield>
    <datafield tag="082" ind1="#" ind2="#">
      <subfield code="a">516.2</subfield>
    </datafield>
  </record>
</collection>
